000
00222 a2200097 4500
001
6983
100
_a
Immamuddin, S.M
245
_a
Political history of the Muslims
260
_a
_b
Najmah and sons
_c
090
_c
5766
_d
5766
942
_a
NUST-CAE
_c
M
_c
32229
999
_c
242056
_d
242056